Political parties: a sociological study of the oligarchical tendencies of modern democracy
সংরক্ষণ করুন:
| প্রধান লেখক: | |
|---|---|
| বিন্যাস: | গ্রন্থ |
| ভাষা: | ইংরেজি |
| প্রকাশিত: |
Nueva York
The Free Press
1962
|
| মালা: | Political Science
|
| বিষয়গুলি: | |
| ট্যাগগুলো: |
ট্যাগ যুক্ত করুন
কোনো ট্যাগ নেই, প্রথমজন হিসাবে ট্যাগ করুন!
|
MARC
| LEADER | 00000nam a2200000 a 4500 | ||
|---|---|---|---|
| 001 | UCT7994 | ||
| 003 | CL-VaPUC | ||
| 008 | 970317e19620000US |||||||||||||||||eng|d | ||
| 082 | 0 | 4 | |a 324.2 |b MIC |2 21 |
| 100 | |a Michels, Robert |e autor |9 389008 | ||
| 245 | 1 | 0 | |a Political parties: a sociological study of the oligarchical tendencies of modern democracy |
| 300 | |a 379 p | ||
| 942 | |c BK | ||
| 945 | |d 19970317 00:00:00 |a paguirre | ||
| 260 | |a Nueva York |b The Free Press |c 1962 | ||
| 650 | 0 | |a Partidos políticos |9 254999 | |
| 650 | 0 | |a Democracia |9 255256 | |
| 650 | 7 | |a SISTEMAS POLITICOS |2 CL-VaPUC |9 379398 | |
| 650 | 0 | |a Liderazgo político |9 341244 | |
| 650 | 7 | |a COMPORTAMIENTO POLITICO |2 CL-VaPUC |9 335468 | |
| 650 | 0 | |a Cambio social |9 256857 | |
| 583 | |a last modification |c 19970317 00:00:00 |k Rodrigo Vera | ||
| 490 | 0 | |a Political Science | |
| 999 | |c 256534 |d 256532 | ||